Top 50 Highest-Grossing Movies of All Time - Statistics

General Stats
  • This quiz has been taken 264 times
    129 since last reset
  • The average score is 16 of 50
Answer Stats
# Money Year Answer % Correct
1 $2,923,706,026 2009 Avatar
95%
2 $2,748,242,781 2019 Avengers: Endgame
79%
4 $2,223,048,786 1997 Titanic
78%
12 $1,515,100,211 2012 The Avengers
73%
7 $2,048,359,754 2018 Avengers: Infinity War
64%
3 $2,317,514,386 2022 Avatar: The Way of Water
62%
17 $1,395,316,979 2015 Avengers: Age of Ultron
48%
8 $1,908,532,719 2021 Spider-Man: No Way Home
48%
16 $1,445,638,421 2023 Barbie
45%
24 $1,290,000,000 2013 Frozen
43%
42 $1,068,879,522 2010 Toy Story 3
41%
49 $1,037,535,230 1993 Jurassic Park
39%
33 $1,132,679,685 2019 Spider-Man: Far from Home
39%
30 $1,151,899,586 2016 Captain America: Civil War
38%
28 $1,215,392,272 2013 Iron Man 3
38%
19 $1,347,280,838 2018 Black Panther
37%
6 $2,058,880,845 2015 Star Wars: Episode VII - The Force Awakens
37%
41 $1,072,817,964 2019 Toy Story 4
37%
10 $1,671,063,641 2015 Jurassic World
36%
32 $1,147,997,407 2003 The Lord of the Rings: The Return of the King
35%
15 $1,451,653,316 2019 Frozen II
34%
22 $1,325,604,756 2017 Star Wars: Episode VIII - The Last Jedi
34%
11 $1,661,454,403 2019 The Lion King
33%
38 $1,082,228,107 2012 The Dark Knight Rises
32%
9 $1,681,507,562 2024 Inside Out 2
28%
39 $1,074,458,282 2019 Joker
28%
20 $1,342,139,727 2011 Harry Potter and the Deathly Hallows: Part 2
27%
34 $1,128,274,794 2019 Captain Marvel
23%
40 $1,074,144,248 2019 Star Wars: Episode IX - The Rise of Skywalker
23%
47 $1,046,515,409 1999 Star Wars: Episode I - The Phantom Menace
22%
14 $1,464,400,233 2022 Top Gun: Maverick
22%
21 $1,338,073,645 2024 Deadpool & Wolverine
21%
29 $1,159,444,662 2015 Minions
19%
5 $2,215,690,000 2025 Ne Zha 2
19%
26 $1,242,805,359 2018 Incredibles 2
17%
25 $1,268,697,483 2017 Beauty and the Beast
16%
31 $1,148,528,393 2018 Aquaman
15%
18 $1,361,553,421 2023 The Super Mario Bros. Movie
15%
45 $1,057,420,387 2016 Rogue One: A Star Wars Story
14%
23 $1,308,323,302 2018 Jurassic World: Fallen Kingdom
13%
46 $1,050,693,953 2019 Aladdin
12%
13 $1,511,986,364 2015 Furious 7
12%
50 $1,037,450,363 2025 Lilo & Stitch
12%
44 $1,059,242,164 2024 Moana 2
11%
43 $1,066,179,725 2006 Pirates of the Caribbean: Dead Man's Chest
9%
36 $1,110,526,981 2012 Skyfall
9%
35 $1,123,794,079 2011 Transformers: Dark of the Moon
9%
48 $1,045,713,802 2011 Pirates of the Caribbean: On Stranger Tides
7%
27 $1,235,534,014 2017 The Fate of the Furious
7%
37 $1,104,054,072 2014 Transformers: Age of Extinction
6%
No matching quizzes found
Score Distribution
Percent of People with Each Score
Percentile by Number Answered
Your Score History
You have not taken this quiz since the last reset